Terrorism and war / (Record no. 131371)
[ view plain ]
| 000 -LEADER | |
|---|---|
| fixed length control field | 01839cam a2200421 a 4500 |
| 001 - CONTROL NUMBER | |
| control field | 14017078 |
| 003 - CONTROL NUMBER IDENTIFIER | |
| control field | ARRUPE |
| 005 - DATE AND TIME OF LATEST TRANSACTION | |
| control field | 20220506092603.0 |
| 008 - FIXED-LENGTH DATA ELEMENTS--GENERAL INFORMATION | |
| fixed length control field | 050627s2002 nyub b 001 0 eng d |
| 010 ## - LIBRARY OF CONGRESS CONTROL NUMBER | |
| LC control number | 2005298788 |
| 020 ## - INTERNATIONAL STANDARD BOOK NUMBER | |
| International Standard Book Number | 1583224939 |
| 035 ## - SYSTEM CONTROL NUMBER | |
| System control number | (OCoLC)ocm49546823 |
| 040 ## - CATALOGING SOURCE | |
| Original cataloging agency | ORX |
| Transcribing agency | ORX |
| Modifying agency | IUL |
| -- | OCLCQ |
| -- | GZM |
| -- | UV$ |
| -- | IQU |
| -- | YBM |
| -- | OCLCQ |
| -- | DLC |
| 042 ## - AUTHENTICATION CODE | |
| Authentication code | lccopycat |
| 043 ## - GEOGRAPHIC AREA CODE | |
| Geographic area code | n-us--- |
| 050 00 - LIBRARY OF CONGRESS CALL NUMBER | |
| Classification number | HV6432 |
| Item number | .Z56 2002 |
| 082 00 - DEWEY DECIMAL CLASSIFICATION NUMBER | |
| Classification number | 973.931 |
| Edition number | 22 |
| 300 ## - PHYSICAL DESCRIPTION | |
| Other physical details | maps ; |
| Dimensions | 18 cm. |
| 100 1# - MAIN ENTRY--PERSONAL NAME | |
| Personal name | Zinn, Howard, |
| Dates associated with a name | 1922-2010. |
| 9 (RLIN) | 51471 |
| 245 10 - TITLE STATEMENT | |
| Title | Terrorism and war / |
| Statement of responsibility, etc | Howard Zinn ; edited by Anthony Arnove. |
| 250 ## - EDITION STATEMENT | |
| Edition statement | A Seven Stories Press 1st ed. |
| 260 ## - PUBLICATION, DISTRIBUTION, ETC. (IMPRINT) | |
| Place of publication, distribution, etc | New York : |
| Name of publisher, distributor, etc | Seven Stories Press, |
| Date of publication, distribution, etc | c2002. |
| 300 ## - PHYSICAL DESCRIPTION | |
| Extent | 159 p. : |
| 440 #3 - SERIES STATEMENT/ADDED ENTRY--TITLE | |
| Title | An Open Media book |
| 9 (RLIN) | 51472 |
| 504 ## - BIBLIOGRAPHY, ETC. NOTE | |
| Bibliography, etc | Includes bibliographical references and index. |
| 505 0# - FORMATTED CONTENTS NOTE | |
| Formatted contents note | 9-11 -- Searching for common ground -- A peaceful nation? -- The need for dissent -- War on civilians -- The logic of war -- Not in our name. |
| 650 #0 - SUBJECT ADDED ENTRY--TOPICAL TERM | |
| Topical term or geographic name as entry element | Terrorism |
| General subdivision | Government policy |
| Geographic subdivision | United States. |
| 9 (RLIN) | 51473 |
| 650 #0 - SUBJECT ADDED ENTRY--TOPICAL TERM | |
| Topical term or geographic name as entry element | War |
| General subdivision | Moral and ethical aspects. |
| 9 (RLIN) | 51474 |
| 650 #0 - SUBJECT ADDED ENTRY--TOPICAL TERM | |
| Topical term or geographic name as entry element | War and society |
| Geographic subdivision | United States. |
| 9 (RLIN) | 51475 |
| 651 #0 - SUBJECT ADDED ENTRY--GEOGRAPHIC NAME | |
| Geographic name | United States |
| General subdivision | History, Military |
| Chronological subdivision | 20th century. |
| 9 (RLIN) | 51476 |
| 651 #0 - SUBJECT ADDED ENTRY--GEOGRAPHIC NAME | |
| Geographic name | United States |
| General subdivision | Foreign relations |
| Chronological subdivision | 20th century. |
| 9 (RLIN) | 50748 |
| 700 1# - ADDED ENTRY--PERSONAL NAME | |
| Personal name | Arnove, Anthony, |
| Dates associated with a name | 1969- |
| 9 (RLIN) | 51477 |
| 856 41 - ELECTRONIC LOCATION AND ACCESS | |
| Materials specified | Table of contents only |
| Uniform Resource Identifier | <a href="http://www.loc.gov/catdir/toc/fy0711/2005298788.html">http://www.loc.gov/catdir/toc/fy0711/2005298788.html</a> |
| 856 42 - ELECTRONIC LOCATION AND ACCESS | |
| Materials specified | Publisher description |
| Uniform Resource Identifier | <a href="http://www.loc.gov/catdir/enhancements/fy1007/2005298788-d.html">http://www.loc.gov/catdir/enhancements/fy1007/2005298788-d.html</a> |
| 856 42 - ELECTRONIC LOCATION AND ACCESS | |
| Materials specified | Contributor biographical information |
| Uniform Resource Identifier | <a href="http://www.loc.gov/catdir/enhancements/fy1007/2005298788-b.html">http://www.loc.gov/catdir/enhancements/fy1007/2005298788-b.html</a> |
| 906 ## - LOCAL DATA ELEMENT F, LDF (RLIN) | |
| a | 7 |
| b | cbc |
| c | copycat |
| d | 2 |
| e | ncip |
| f | 20 |
| g | y-gencatlg |
| 942 ## - ADDED ENTRY ELEMENTS (KOHA) | |
| Source of classification or shelving scheme | Library of Congress Classification |
| Koha item type | Monograph ( Printed materials) |
| Withdrawn status | Lost status | Source of classification or shelving scheme | Damaged status | Not for loan | Collection code | Home library | Current library | Shelving location | Date acquired | Total Checkouts | Full call number | Barcode | Date last seen | Price effective from | Koha item type |
|---|---|---|---|---|---|---|---|---|---|---|---|---|---|---|---|
| Library of Congress Classification | Main Collection | ARRUPE LIBRARY | ARRUPE LIBRARY | Main Collection | 06/05/2022 | HV6432 .Z56 2002 | 46600008438 | 06/05/2022 | 06/05/2022 | Monograph ( Printed materials) |